000 00853nam a2200229 i 4500
001 189939
003 ES-MaACL
005 20230906223610.0
008 200130s2003 sp a |||| | spa d
100 1 _aBuendía, Teófilo.
_9169463
245 1 0 _aEmbriagando imposibles
_b: 10 abril-24 mayo 2003, Museo Tiflológico /
_cTeófilo Buendía ; [textos, José Luis Clemente Girón].
260 _aMadrid :
_bMuseo Tiflológico,
_c[2003]
300 _a[24] p. :
_bprincipalmente il. col. ;
_c23 x 21 cm.
504 _aBibliografía: p. [21]
600 1 4 _aBuendía, Teófilo-
_vExposiciones.
_9169464
655 7 _2tgfbne
_9193628
_aCatálogos de exposiciones
700 1 _aClemente Girón, José Luis.
_939204
710 2 _aMuseo Tiflológico (Madrid)
_9169465
852 _aES-MaACL
_j2121-F-34
942 _2udc
999 _c189939
_d189939